Thám tử Sherlock Holmes

Uloženo v:
Podrobná bibliografie
Hlavní autor: Arthur Conan Doyle
Médium: Kniha
Jazyk:Undetermined
Vydáno: H. Văn Học 2001
Témata:
Tagy: Přidat tag
Žádné tagy, Buďte první, kdo otaguje tento záznam!
Thư viện lưu trữ: Trung tâm Học liệu Trường Đại học Cần Thơ
LEADER 00612nam a2200193Ia 4500
001 CTU_56674
008 210402s9999 xx 000 0 und d
020 |c 58000 
082 |a 823.9 
082 |b D754/T4 
100 |a Arthur Conan Doyle 
245 0 |a Thám tử Sherlock Holmes 
245 0 |c Arthur Conan Doyle; Kim Lương, Lê Như và Hà Trung Khâm biên dịch 
260 |a H. 
260 |b Văn Học 
260 |c 2001 
650 |a english fiction20th century,detective and mystery stories, english 
650 |y 20th century 
980 |a Trung tâm Học liệu Trường Đại học Cần Thơ